=LDR 00000nam 2200000 4500 =001 INLIS000000000039752 =005 20130612145348 =008 ***********************************ind** =035 ##$$0010-061300000039752 =041 ##$$a ind =082 ##$$a 781.1 =090 ##$$a 781.1, She m =100 ##$$a SHEPPARD, Philip =245 ##$$a Musik makes your child smarter, Peran musik dalam perkembangan anak, Philip sheppard;Penerjemah,Henny wisnu dewanto =260 ##$$a 2007 $b Jakarta =300 ##$$a 390 Hlm, Ilus, 23 cm =650 ##$$a MUDIK-PSIKOLOGI =850 ##$$a NBPNMAT